Statistiken für Deutsche Fußballklubs 2018-2019 (Bundesliga - 3. Liga)

Klicken Sie hier um das Quiz zu spielen!

Allgemein

  • Dieses Quiz wurde 1.095 mal gespielt
  • Das Durchschnittsergebnis liegt bei 43 aus 56

Antwortstatistiken

Antwort% Korrekt
BundesligaBayern München
99%
BundesligaBorussia Dortmund
99%
2. BundesligaHamburger SV
97%
BundesligaWerder Bremen
97%
2. Bundesliga1. FC Köln
95%
BundesligaHertha BSC
95%
BundesligaRB Leipzig
95%
BundesligaSchalke
95%
BundesligaVfB Stuttgart
95%
BundesligaEintracht Frankfurt
94%
2. BundesligaUnion Berlin
94%
BundesligaAugsburg
93%
BundesligaWolfsburg
93%
BundesligaFreiburg
92%
BundesligaBayer Leverkusen
91%
BundesligaHoffenheim
91%
BundesligaNürnberg
91%
BundesligaHannover
90%
BundesligaBorussia Mönchengladbach
89%
BundesligaFortuna Düsseldorf
89%
BundesligaMainz
89%
2. BundesligaDynamo Dresden
87%
2. BundesligaArminia Bielefeld
85%
2. BundesligaBochum
84%
2. BundesligaGreuther Fürth
84%
2. BundesligaHolstein Kiel
82%
3. LigaKaiserslautern
82%
3. LigaBraunschweig
81%
2. BundesligaPaderborn
80%
2. BundesligaSt. Pauli
80%
2. BundesligaIngolstadt
79%
3. Liga1860 München
78%
2. BundesligaDarmstadt
78%
3. LigaHansa Rostock
78%
2. BundesligaMagdeburg
78%
3. LigaKarlsruher SC
75%
2. BundesligaHeidenheim
72%
2. BundesligaMSV Duisburg
71%
2. BundesligaJahn Regensburg
69%
2. BundesligaSandhausen
69%
3. LigaOsnabrück
68%
2. BundesligaErzgebirge Aue
67%
3. LigaWehen Wiesbaden
64%
3. LigaCarl Zeiss Jena
61%
3. LigaEnergie Cottbus
60%
3. LigaPreußen Münster
56%
3. LigaWürzburger Kickers
56%
3. LigaZwickau
54%
3. LigaUnterhaching
51%
3. LigaMeppen
48%
3. LigaAalen
47%
3. LigaFortuna Köln
45%
3. LigaUerdingen
45%
3. LigaSonnenhof Großaspach
42%
3. LigaHallescher
38%
3. LigaSportfreunde Lotte
33%

Verteilung der Resultate

Perzentil nach korrekt beantworteten Fragen

Anzahl Personen mit jedem Resultat

Ihre Resultats-Entwicklung

Sie haben dieses Quiz noch nicht gespielt